Equipos que ganaron a España en fútbol - Estadísticas

Estadísticas generales
  • Esta prueba ha sido intentada 8.113 veces
  • La puntuación promedio es 16 de 23
Estadísticas de respuestas
# Victorias Equipos % Correcto
5 Italia
97%
3 Francia
95%
3 Alemania
94%
1 Marruecos
93%
1 Argentina
91%
3 Brasil
91%
1 Rusia
91%
1 Países Bajos
90%
1 Japón
87%
1 Portugal
87%
3 Inglaterra
83%
1 Suiza
82%
1 Chile
79%
1 Corea del Sur
68%
1 Croacia
68%
2 Bélgica
66%
1 Suecia
65%
1 Noruega
47%
1 Austria
44%
1 Yugoslavia
44%
1 Nigeria
30%
2 Checoslovaquia
26%
1 Irlanda del Norte
11%
No se encontraron pruebas coincidentes
Distribución de puntuación
Porcentaje de gente con cada puntuación
Porcentaje por número respondido
Historial de tus puntuaciones
No has intentado esta prueba.